000 01031nam a2200313 a 4500
001 000114791
003 CHAP
005 20220817044803.0
008 180416s2015 sp a |r| ||||||spa d
010 _a111252
011 _a112224
020 _a9788490771167
040 _cCHAP
082 0 4 _a363.7
_bL79
100 1 _aLlorca Navasquillo, Federico
_9135138
245 1 0 _aTécnicas de educación ambiental e interpretación ambiental /
_cpor Federico Llorca Navasquillo, José Antonio Gómez García y Francisco J. Mansergas López.
260 _aMadrid :
_bEditorial Sintesis,
_c2015.
300 _a260 p. :
_bil.
490 _aAgraria. Seguridad y medio ambiente
590 _aE5765TAJ
_b05
_c20180416
_lUCH01
_h0848
650 1 4 _aDesarrollo sustentable.
650 1 4 _aEducación ambiental.
_935556
700 1 _aGómez García, José Antonio
_9135139
700 1 _aMansergas López, Francisco J.
_9135140
830 0 _aAgraria. Seguridad y medio ambiente
_9135141
901 _aBK
942 _cLIBRO
942 _n0
999 _c111252
_d111252